000 00469nam a2200181Ia 4500
005 20250508155514.0
008 008 250505s9999 xx 000 0 eng d
037 _aTextual
040 _aFEDL
_beng
_cFEDL
041 _aeng
_2eng
084 _a909, BLA
_qFEDL
100 _aBlack Cyril E
245 0 _aOur world history
260 _aBoston, USA
_bGinn and Company
_c1960
300 _a804p.
942 _cTEXL
_h909, BLA
999 _c1357327
_d1357327